Passaport sostenible : adéu als plàstics d'un sol ús! adéu als plàstics d'un sol ús!
Descripción Física:
1 fullet plegat en tres parts ; il. col. ; 11 x 11 cm
Idioma:
Catalán
MARC
| LEADER | 00000nam a22000007a 4500 | ||
|---|---|---|---|
| 001 | 27744 | ||
| 003 | Arxiu | ||
| 005 | 20260324181514.0 | ||
| 008 | 230424b spa||||| |||| 00| 0 cat d | ||
| 017 | |a B 16789-2021 | ||
| 040 | |a agdb |b cat | ||
| 245 | |a Passaport sostenible : |b adéu als plàstics d'un sol ús! | ||
| 260 | |a Barcelona : |b Diputació de Barcelona ; |c 2021 | ||
| 300 | |a 1 fullet plegat en tres parts ; |b il. col. ; |c 11 x 11 cm | ||
| 501 | |a Conté el text: "Per cada compra que facis amb un envàs reutilitzable, aconseguiràs un punt en la teva graella. Quan en tinguis 10, et regalarem una bossa de reixeta" | ||
| 650 | 0 | |a Envasos de plàstic |x Aspectes ambientals | |
| 650 | 0 | |9 54098 |a Objectes publicitaris | |
| 710 | 1 | |a Barcelona (Catalunya : Província). |b Diputació |9 52408 | |
| 942 | |2 udc |c ARXIU |n 1 | ||
| 952 | |0 0 |1 0 |2 udc |4 0 |6 NBM1751 |7 1 |9 66182 |a Arxiu |b Arxiu |d 2023-04-24 |l 0 |o NBM-17-51 |p 27744 |r 2023-04-24 00:00:00 |w 2023-04-24 |y ARXIU | ||
| 999 | |c 83376 |d 83376 | ||